000 01199cam a2200349Ma 4500
001 78820
005 20230410103752.0
008 030702r20032002nyuab b 001 0 eng d
010 _a2002191945
035 _a(OCoLC)ocn229269948
040 _aAXH
_cAXH
020 _a0809084910 (hc)
020 _a9780809084913 (hc)
035 _a(OCoLC)229269948
049 _aGRAL
050 1 4 _a322 DA 772
_bA813s 2003
100 1 _aAscherson, Neal.
245 1 0 _aStone voices :
_bthe search for Scotland /
_cNeal Ascherson.
246 3 _aSearch for Scotland
250 _a1st American ed.
260 _aNew York :
_bHill and Wang,
_c2003 c2002
300 _avii, 326 p.:
_bill. maps.;
_c23cm.
500 _aOriginally published: London : Granta Books, 2002.
504 _aIncludes bibliographical references( p. [307]- 312) and index.
651 0 _aScotland
_xCivilization.
650 0 _aNational characteristics, Scottish.
856 4 2 _3Contributor biographical information
_uhttp://www.loc.gov/catdir/bios/hol052/2002191945.html
856 4 2 _3Publisher description
_uhttp://www.loc.gov/catdir/description/hol031/2002191945.html
942 _2lcc
_cbk
994 _aC0
_bDRFGD
946 _aLD
999 _c25441
_d25441